000 00607nam a22002417a 4500
003 UA-OsUOA
001 26738
007 ta
008 20040608b un ||||| |||| 00| 0 ukr d
100 _aКоваленко И.Н.
090 _a62
_bК56
942 _cBK
040 _aUA-OsUOA
_brus
_cUA-OsUOA
_dUA-OsUOA
245 _aРасчет вероятностных характеристик систем
300 _a96 с.
_bІлюстрації
955 _a0
041 _arus
080 _a62
260 _aКиев
_bТехніка
_c1982
044 _aUA
650 7 _2UDC
999 _c313066
_d313066